Дело об учреждении первоначальных еврейских школ в Варшаве, Люблине, Петрокове, Влоцлавке и Кальварии, и о рассмотрении ходатайс...

Доступно только в Электронных читальных залах Найти на картеНа карте
RUSMARC
00004523nmc2a2200000 x 450
00156213350-c780-4dce-953d-c851fbf8dc17
00520170426115504.0
100##$a20141016l18581858k l0rusy0189 ca
1010#$arus
102##$aRU
2001#$aДело об учреждении первоначальных еврейских школ в Варшаве, Люблине, Петрокове, Влоцлавке и Кальварии, и о рассмотрении ходатайства Ф.И. Штрауха о разрешении ему открыть в местечке Дзялошице Радомской губернии частное начальное училище для детей евреев
$j3 мая - 7 ноября 1858 г.
251##$cДело
300##$aДело
300##$aОриг. заголовок дела: Дело по прошению жителя Родомской губернии еврея Файвеля Штрауха, о дозволении ему открыть частное начальное училище для еврейских детей, и об устройстве в Царстве Польском еврейских первоначальных школ. 3 мая 1858 г. - 7 ноября 1858 г
801#0$aRU
$bРГИА
$c20141016
$gRCR
801#1$aRU
$bГлавНИВЦ
$c20141016
$2rusmarc
801#2$aRU
$bПБ им. Б.Н. Ельцина
$c20170426
$gRCR
$2rusmarc
850##$aРГИА
852##$aРГИА
$eФедеральное казенное учреждение "Российский государственный исторический архив" (РГИА)
$j496
937##$hРГИА
$d11183890
$aASBIBLIO_SCAN
462#0$10015a39e5d3-dc69-4a86-ab96-9d2e08e41784
$12001
$aДела Департамента народного просвещения по Варшавскому учебному округу
$1251
$cОпись
$1852
$j77
461#0$1001a74412a3-3cc5-4d21-8f0a-dfe2fbd9e72d
$12001
$aДепартамент народного просвещения Министерства народного просвещения (1803-1917)
$1251
$cФонд
$1852
$j733
215##$a15 л.
$d36,5х26 см
371##$aДокумент не является опубликованным и широко распространяемым
105##$ay###
1222#$ad
5171#$aДело по прошению жителя Родомской губернии еврея Файвеля Штрауха, о дозволении ему открыть частное начальное училище для еврейских детей, и об устройстве в Царстве Польском еврейских первоначальных школ. 3 мая 1858 г. - 7 ноября 1858 г
035##$a56213350-c780-4dce-953d-c851fbf8dc17
856##$uhttp://readingroom.main.prlib.ru/item.aspx?id_node=n97733539&mode=full
Формат отображения